Statistics for Lyrics to Up All Night by One Direction

Click here to take the quiz!

General Stats

  • This quiz has been taken 2,339 times
  • The average score is 24 of 29

Answer Stats

HintAnswer% Correct
It feels like we've been ______ in fast forwardliving
95%
Another ______ passing bymoment
90%
Nobody's going ____ tonighthome
89%
Until we ___ the sunsee
89%
I wanna ____ up all night and find a girlstay
89%
And tell her she's the ___one
88%
__ got the floor to shake, the floor to shakeDJ
87%
I wanna stay up all night and ____ aroundjump
87%
____ ______ on replay, she's on replayKaty Perry's
86%
I wanna stay up all night and do it all with ___you
86%
I'm _____ wide awakestill
85%
______ going all the way, yeah all the wayPeople
84%
Hold on to the _______ don't let it gofeeling
83%
Katy Perry's on ______, she's on replayreplay
83%
Cause we've got the floor now get out of _______control
82%
DJ got the floor to _____, the floor to shakeshake
82%
People going all the ___, yeah all the wayway
82%
I wanna stay up all night and jump ______around
80%
I'm only thinking 'bout this ____ I'm seeinggirl
80%
Until we see the ___sun
80%
I'm _____ wide awakestill
78%
I wanna stay up all night and ____ a girlfind
77%
I hope she'll wanna ____ me backkiss
77%
And ____ her she's the onetell
77%
The ______ ending but it's now or neverparty's
76%
Don't even care about the _____ breakingtable
76%
I wanna stay up all night and __ it all with youdo
74%
____ on to the feeling don't let it gohold
74%
We only wanna have a _____laugh
69%

Score Distribution

Percentile by Number Answered

Percent of People with Each Score

Your Score History

You have not taken this quiz